An international police force and public opinion ; polled opinion in the United States, 1939-1953 /

Bibliographic Details
Main Author: Buchanan, William, 1918-
Format: Book
Language:English
Published: Princeton, N. J., [publisher not identified] ; 1954.
Series:Publication of the Center for research on world political institutions in the Woodrow Wilson school of public and international affairs, Princeton university ; no. 3.
Subjects:

MARC

Tag First Indicator Second Indicator Subfields
LEADER 00000cam a2200000 4500
001 in00003465713
005 20151206104311.0
008 760831s1954 nju 00010 eng d
010 |a  54013449  
035 |a (OCoLC)ocm02405919 
040 |a TLM  |c TLM  |d m.c.  |d TNY  |d UtOrBLW 
090 |a JX1981.P7  |b B8 
092 |a 341 
100 1 |a Buchanan, William,  |d 1918- 
245 1 3 |a An international police force and public opinion ;  |b polled opinion in the United States, 1939-1953 /  |c by William Buchanan ... and Herbert E. Krugman ... and R. W. Van Wagenen ... 
264 1 |a Princeton, N. J.,  |b [publisher not identified] ;  |c 1954. 
300 |a 39 pages 
336 |a text  |b txt  |2 rdacontent 
337 |a unmediated  |b n  |2 rdamedia 
338 |a volume  |b nc  |2 rdacarrier 
490 1 |a Publication of the Center for research on world political institutions in the Woodrow Wilson school of public and international affairs, Princeton university,  |v no. 3 
650 0 |a International police. 
650 0 |a Public opinion  |z United States. 
830 0 |a Publication of the Center for research on world political institutions in the Woodrow Wilson school of public and international affairs, Princeton university ;  |v no. 3. 
999 |a MARS 
999 f f |s 72ee837d-40dd-36ab-9dc2-5639f9280d2d  |i caeee17e-824a-34ea-84f6-cf6c7de2e2f1  |t 0 
952 f f |p ric  |a Texas A&M University  |b Rellis Campus  |c Joint Library Facility  |d Remote Storage  |t 0  |e JX1981.P7 B8  |h Library of Congress classification  |i unmediated -- volume  |m 32060000904413 
998 f f |a JX1981.P7 B8  |t 0  |l Remote Storage